| 000 | 00795nam a2200133Ia 4500 | ||
|---|---|---|---|
| 008 | 171212s9999 xx 000 0 und d | ||
| 020 | _a9780833036537 | ||
| 100 | _aGoldman, Dana P.;Hurd, Michael D.;Shekelle, Paul G.;Newberry, Sydne;Shang, Baoping | ||
| 245 |
_cGoldman, Dana P.;Hurd, Michael D.;Shekelle, Paul G.;Newberry, Sydne;Shang, Baoping _aHealth Status and Medical Treatment of the Future Elderly _bFinal Report |
||
| 260 |
_bRAND Corporation _c2004 |
||
| 650 | _aHealth Sciences | ||
| 650 | _aOlder people -- Health and hygiene -- United States -- Forecasting; Older people -- Medical care -- Economic aspects -- United States; Medical care, Cost of -- United States -- Forecasting; Medical care -- United States -- Mathematical models | ||
| 856 | _uwww.jstor.org/stable/10.7249/tr169cms | ||
| 999 |
_c352135 _d352135 |
||